000 00714nam a2200277Ia 4500
005 20260324131410.0
008 008 260324s9999 xx 000 0 eng d
020 _a9780429125638
037 _aEBOOK
040 _aCRL
040 _beng
040 _cCRL
041 _2eng
041 _aeng
084 _qCRL
100 _aLeland J. Cseke; Peter B. Kaufman; Ara Kirakosyan; Harry L. Brielmann; Sara Warber; James A. Duke
_91185370
245 0 _aNatural Products from Plants
260 _bTaylor and Francis
260 _c2006
365 _a
365 _b465
856 _uhttp://www.taylorfrancis.com/books/9780429125638
942 _cEBOOK
999 _c1782471
_d1782471